000 00330nam a2200121Ia 4500
005 20251222143243.0
008 251222s9999||||xx |||||||||||||| ||spa||
082 _a344/B18
100 _aBallón Aguirre, Francisco
245 0 _aIntroducción al Derecho de los Pueblos Indígenas
264 _bDefensoría del Pueblo
942 _cLIB
999 _c14670
_d14670